| 000 | 00338nam a2200145Ia 4500 | ||
|---|---|---|---|
| 008 | 230917s9999||||xx |||||||||||||| ||und|| | ||
| 040 |
_e108082 _aMAIN |
||
| 041 | _aEnglish | ||
| 082 | _a658.5 I2O | ||
| 100 | _aICFAI | ||
| 245 | 0 | _aOperations management Vol. 1 | |
| 260 |
_aHyderabad _bICFAI _c2003 |
||
| 300 | _a163p p. | ||
| 942 | _cBK | ||
| 999 |
_c123074 _d123074 |
||